Vista normal
Vista MARC
Entrada Materia (tema)
Número de registros utilizados en: 1
001 - CONTROL NUMBER
- control field: 71519
003 - CONTROL NUMBER IDENTIFIER
- control field: Co-BoUCM
005 - DATE AND TIME OF LATEST TRANSACTION
- control field: 20150915090323.0
008 - FIXED-LENGTH DATA ELEMENTS
- fixed length control field: 150915|| aca||aabn | a|a d
040 ## - CATALOGING SOURCE
- Original cataloging agency: Co-BoUCM
- Transcribing agency: Co-BoUCM
150 ## - HEADING--TOPICAL TERM
- Topical term or geographic name as entry element: Asistencia social
- Geographic subdivision: Estados Unidos
- General subdivision: Historia
- Chronological subdivision: Siglo XX
670 ## - SOURCE DATA FOUND
- Source citation: Work cat.: (Co-BoUCM)301072: Patterson, James T. 71518, America's struggle against poverty in the twentieth century, 2000